000 00720nab a2200229 4500
003 BR-BrBNA
005 20250224131222.0
008 250224b bl.||||| |||| 00| 0 por d
040 _aBR-BrBNA
_bpor
072 _aF01 ; Q02 ; E71
_b1540
100 _aAndrade, Lívia
100 _aZepper, Paulo
245 _aMandioca made in Brazil
_bAgroenegócio
500 _a3 illus.
650 _aMANDIOCA
650 _aFÉCULA
650 _aAMIDO
650 _aEXPORTAÇÃO
773 0 _01706
_9347822
_dSão Paulo-SP Editora Três Ltda - E-mail: luizfsa@revistadinheiro.com.br 2004
_o2025-0323
_tDinheiro Rural (Brazil)
_x1807-3700
_gv. 2(8) p. 59; (Jun 2005)
_wBR2025000008
942 _cANA
999 _c330109
_d330109